00450cam a2200157ua 45000010005000000080039000050400009000440820011000531000020000642450074000842500009001582600038001673000017002056530014002226530056002361950110805n ii |||gr||||Z||||||eng cMAIN a370.54 aGoswami, A. C.,1 aPhilosophy and bases of education in emerging indiacby A. C. Goswami a2nd. aGuahati:bJyoti prakashan,c2001. a319p:c23cm. aEducation aPhilosophy and bases of education in emerging india